Lanean...

Karutha daivathethedi/

Xehetasun bibliografikoak
Egile nagusia: Sankara Pillai, G.
Formatua: Printed Book
Hizkuntza:Malayalam
Argitaratua: Kottayam: D. C. Books, c1980.
Gaiak:
LEADER 01282 a2200217 4500
008 150103s9999 000 0 mal
041 |a mal 
082 |a 852.391 
100 |a Sankara Pillai, G. 
245 |a Karutha daivathethedi/ 
260 |a Kottayam:  |b D. C. Books,  |c c1980. 
300 |a 65 p. 
653 |a Malayalam drama. 
942 |c BK 
999 |c 304920  |d 304920 
952 |0 0  |1 0  |2 ddc  |4 0  |6 852_391000000000000_KAR  |7 0  |9 349642  |a DRA  |b DRA  |c ST1  |d 2011-09-29  |g 5.50  |i 1148  |l 9  |o 852.391 KAR  |p DRA1148  |r 2021-10-08  |s 2021-04-22  |y BK 
952 |0 0  |1 0  |2 ddc  |4 0  |6 852_391000000000000_KAR  |7 0  |9 349643  |a DRA  |b DRA  |c ST1  |d 2011-09-29  |g 5.50  |i 964  |l 9  |o 852.391 KAR  |p DRA964  |r 2019-11-18  |s 2019-11-14  |y BK 
952 |0 0  |1 0  |2 ddc  |4 0  |6 852_391000000000000_KAR  |7 0  |9 349644  |a DRA  |b DRA  |c ST1  |d 2011-09-29  |g 5.50  |i 965  |l 13  |o 852.391 KAR  |p DRA965  |r 2019-12-13  |s 2019-12-05  |y BK 
952 |0 0  |1 0  |2 ddc  |4 0  |6 852_391000000000000_KAR  |7 0  |9 349645  |a DRA  |b DRA  |c ST1  |d 2011-09-29  |g 5.50  |i 962  |l 9  |o 852.391 KAR  |p DRA962  |r 2016-12-20  |s 2016-08-05  |y BK 
952 |0 0  |1 0  |2 ddc  |4 0  |6 852_391000000000000_KAR  |7 0  |9 349646  |a DRA  |b DRA  |c REF  |d 2011-10-14  |g 5.50  |i 961  |l 2  |o 852.391 KAR  |p DRA961  |r 2018-08-31  |s 2018-08-29  |y REF 
952 |0 0  |1 0  |2 ddc  |4 0  |6 852_391000000000000_KAR  |7 0  |9 349647  |a DRA  |b DRA  |c ST1  |d 2011-12-02  |g 5.50  |i 963  |l 1  |o 852.391 KAR  |p DRA963  |r 2021-11-16  |s 2021-11-02  |y BK